ბათუმის შოთა რუსთაველის სახელმწიფო უნივერსიტეტის ბიბლიოთეკა

The Lucifer effect : (ბიბ.ჩანაწერი № 60429)

000 -LEADER
fixed length control field 01734cam a22002654a 4500
001 - CONTROL NUMBER
control field 15163207
005 - DATE AND TIME OF LATEST TRANSACTION
control field 20230717110904.0
008 - FIXED-LENGTH DATA ELEMENTS--GENERAL INFORMATION
fixed length control field 080131s2008 nyua b 001 0 eng
010 ## - LIBRARY OF CONGRESS CONTROL NUMBER
LC control number 2008271083
020 ## - INTERNATIONAL STANDARD BOOK NUMBER
International Standard Book Number 9780812974447 (pbk.) X
040 ## - CATALOGING SOURCE
Original cataloging agency DLC
Transcribing agency DLC
050 00 - LIBRARY OF CONGRESS CALL NUMBER
Classification number BF789.E94
Item number Z56 2008
080 ## - UNIVERSAL DECIMAL CLASSIFICATION NUMBER
Universal Decimal Classification number 159.9 Z-92
100 1# - MAIN ENTRY--PERSONAL NAME
Personal name Zimbardo, Philip G.
9 (RLIN) 19343
245 14 - TITLE STATEMENT
Title The Lucifer effect :
Remainder of title understanding how good people turn evil /
Statement of responsibility, etc. Philip Zimbardo.
250 ## - EDITION STATEMENT
Edition statement 2008 Random House trade pbk. ed.
260 ## - PUBLICATION, DISTRIBUTION, ETC.
Place of publication, distribution, etc. New York :
Name of publisher, distributor, etc. Random House Trade Paperbacks,
Date of publication, distribution, etc. 2008.
300 ## - PHYSICAL DESCRIPTION
Extent xx, 551 p. :
Other physical details ill. ;
Dimensions 21 cm.
505 0# - FORMATTED CONTENTS NOTE
Formatted contents note The psychology of evil: situated character transformations -- Sunday's surprise arrests -- Let Sunday's degradation rituals begin -- Monday's prisoner rebellion -- Tuesday's double trouble: visitors and rioters -- Wednesday is spiraling out of control -- The power to parole -- Thursday's reality confrontations -- Friday's fade to black -- The SPE's meaning and messages: the alchemy of character transformations -- The SPE: ethics and extensions -- Investigating social dynamics: power, conformity, and obedience -- Investigating social dynamics: deindividuation, dehumanization, and the evil of inaction -- Abu Ghraib's abuses and tortures: understanging and personalizing its horrors -- Putting the system on trial: command complicity -- Resisting situational influences and celebrating heroism.
650 #0 - SUBJECT ADDED ENTRY--TOPICAL TERM
Topical term or geographic name entry element Good and evil
General subdivision Psychological aspects.
9 (RLIN) 19366
653 ## - INDEX TERM--UNCONTROLLED
keyword ფსიქოლოგიური ასპექტები
906 ## - LOCAL DATA ELEMENT F, LDF (RLIN)
a 0
b ibc
c origcop
d 2
e ncip
f 20
g y-gencatlg
942 ## - ADDED ENTRY ELEMENTS (KOHA)
Source of classification or shelving scheme
Koha item type წიგნი
ეგზემპლარები
Withdrawn status Lost status Source of classification or shelving scheme Damaged status Not for loan Permanent Location Current Location Shelving location Date acquired Cost, normal purchase price Full call number Barcode Date last seen Copy number Price effective from Koha item type Public note
          ბათუმის შოთა რუსთაველის სახელმწიფო უნივერსიტეტის მთავარი ბიბლიოთეკა ბათუმის შოთა რუსთაველის სახელმწიფო უნივერსიტეტის მთავარი ბიბლიოთეკა წიგნსაცავი 2023-07-17 74.00 159.9 Z-92 64972 2023-07-17 64972 2023-07-17 წიგნი 74.00